LEADER 00997cam0-2200361---450- 001 990004796300403321 005 20150729101940.0 035 $a000479630 035 $aFED01000479630 035 $a(Aleph)000479630FED01 035 $a000479630 100 $a19990604d1970----km-y0itay50------ba 101 0 $aita 102 $aIT 105 $a--------001yy 200 1 $aTre saggi su Montale$fD'Arco Silvio Avalle 205 $a3. ed. 210 $aTorino$cEinaudi$d1970 215 $a114 p.$d19 cm 225 1 $a<>ricerca letteraria$iSerie critica$v8 610 0 $aMontale, Eugenio 676 $a851.912$v22$zita 700 1$aAvalle,$bD'Arco Silvio$f<1920-2002>$0154167 801 0$aIT$bUNINA$gRICA$2UNIMARC 901 $aBK 912 $a990004796300403321 952 $a851.912 MONT/S 28A$bBibl.48062$fFLFBC 952 $aBIB. BAT.3860$b6248$fBAT 952 $aF.Russo 954$fBAT 959 $aFLFBC 959 $aBAT 996 $aTre saggi su Montale$9524046 997 $aUNINA LEADER 01273nam0-22003011i-450 001 990003903290403321 005 20230404150049.0 035 $a000390329 035 $aFED01000390329 035 $a(Aleph)000390329FED01 035 $a000390329 100 $a20161109d19701970km-y-ita-0103----ba 101 0 $aita 102 $aIT 200 1 $a<>gestioni erogatrici pubbliche$e(Stato - Regioni - Province - Comuni - Istituzioni di assistenza e beneficenza)$fPaolo Emilio Cassandro 205 $a3ª Edizione riveduta e aggiornata 300 $aFa parte di: Trattato di ragioneria / diretto da Aldo Amaduzzi$aVol. VIII, tomo II - Le gestioni erogatrici pubbliche : (Stato, regioni, province, comuni, istituzioni di assistenza e beneficenza) / Paolo Emilio Cassandro. - 3. ed. riv. e aggiornata. - Torino : Unione tipografico-editrice torinese, 1975. - XII, 805 p., [4] c. di tav. ripieg. ; 25 cm 610 0 $aImprese$aGestione 676 $a658 700 1$aCassandro,$bPaolo Emilio$f<1910-2004>$0112992 701 1$aAmaduzzi,$bAldo$f<1904-1991>$0369322 801 0$aIT$bUNINA$gRICA$2UNIMARC 901 $aBK 912 $a990003903290403321 952 $aCAS658$b6610$fDECBC 959 $aDECBC 996 $aGestioni erogatrici pubbliche$9516367 997 $aUNINA